[Event "Chigorin Memorial 2008"]
[Site "St. Petersburg RUS"]
[Date "2008.10.07"]
[Round "5.45"]
[White "Ganichev, Alexander"]
[Black "Bodnaruk, Anastasia"]
[Result "1-0"]
[WhiteElo "2148"]
[BlackElo "2381"]
[PlyCount "71"]
[EventDate "2008.10.03"]
[EventType "swiss"]
[EventRounds "9"]
[EventCountry "RUS"]
[Source "lmi"]
[SourceDate "2008.10.03"]

1. e4 c5 2. Nf3 d6 3. d4 cxd4 4. Nxd4 Nf6 5. Nc3 a6 6. f4 Nbd7 7. a4 Qc7 8. Bd3
e5 9. Nf3 Be7 10. O-O O-O 11. Kh1 b6 12. Qe2 Bb7 13. fxe5 dxe5 14. Bg5 Nc5 15.
Nh4 Ne8 16. Bxe7 Qxe7 17. Nf5 Qc7 18. Bc4 Nd6 19. Nd5 Bxd5 20. Bxd5 Ra7 21. Ng3
Re8 22. Nh5 Qc8 23. b4 Ne6 24. Qg4 Kh8 25. Ra3 f6 26. Qh4 Rf8 27. Raf3 Ne8 28.
Rh3 h6 29. Qg4 Re7 30. Nxg7 N8xg7 31. Rxh6+ Kg8 32. Qg6 Qxc2 33. Rh7 Qc8 34.
Qh6 f5 35. Rxg7+ Rxg7 36. Bxe6+ 1-0

[Event "Chigorin Memorial 2008"]
[Site "St. Petersburg RUS"]
[Date "2008.10.07"]
[Round "5.46"]
[White "Guzenko, Artem"]
[Black "Pankov, German"]
[Result "0-1"]
[WhiteElo "2121"]
[BlackElo "2375"]
[PlyCount "94"]
[EventDate "2008.10.03"]
[EventType "swiss"]
[EventRounds "9"]
[EventCountry "RUS"]
[Source "lmi"]
[SourceDate "2008.10.03"]

1. e4 c5 2. Nf3 Nc6 3. d4 cxd4 4. Nxd4 Qb6 5. Nb3 Nf6 6. Nc3 e6 7. Be3 Qc7 8.
a3 a6 9. f4 d6 10. g3 b5 11. Bg2 Bb7 12. O-O Be7 13. Nd4 O-O 14. g4 Nd7 15.
Nde2 Rfe8 16. g5 Bf8 17. Rf3 Na5 18. b3 Rac8 19. Qe1 g6 20. Rd1 Bg7 21. Bc1 d5
22. Rfd3 Nf8 23. e5 Nc6 24. Be3 Qe7 25. b4 Nd7 26. h4 Red8 27. Nd4 Ncxe5 28.
fxe5 Nxe5 29. Nb3 Nxd3 30. Rxd3 Ba8 31. Nc5 d4 32. Bxa8 Rxa8 33. Bd2 dxc3 34.
Bxc3 e5 35. Re3 Rd5 36. Ne4 Rad8 37. Kh2 Qe6 38. Re2 Qg4 39. Qf2 Qf4+ 40. Qxf4
exf4 41. Bxg7 Kxg7 42. Kg2 h6 43. Kf3 hxg5 44. hxg5 Rf5 45. c3 Rd3+ 46. Kf2 Re5
47. Re1 Rh3 0-1

[Event "Chigorin Memorial 2008"]
[Site "St. Petersburg RUS"]
[Date "2008.10.07"]
[Round "5.47"]
[White "Zakharchenko, Arnold"]
[Black "Sorokina, Anastasia"]
[Result "1-0"]
[WhiteElo "2288"]
[BlackElo "2068"]
[PlyCount "85"]
[EventDate "2008.10.03"]
[EventType "swiss"]
[EventRounds "9"]
[EventCountry "RUS"]
[Source "lmi"]
[SourceDate "2008.10.03"]

1. Nf3 Nf6 2. c4 g6 3. g3 Bg7 4. Bg2 c5 5. O-O Nc6 6. Nc3 O-O 7. d4 cxd4 8.
Nxd4 Qb6 9. Nc2 d6 10. b3 Ng4 11. Nd5 Qd8 12. Rb1 a6 13. Nce3 Nge5 14. Bb2 e6
15. Nc3 f5 16. Kh1 Qc7 17. f4 Nf7 18. Qd2 Rd8 19. Rfc1 Re8 20. Na4 Qd8 21. Bxg7
Kxg7 22. Qb2+ Kg8 23. Rd1 Rb8 24. c5 d5 25. Nb6 Qe7 26. Nexd5 exd5 27. Nxd5
Qxc5 28. Rbc1 Qf2 29. Nf6+ Kf8 30. Nxh7+ Kg8 31. Nf6+ Kf8 32. Nh7+ Kg8 33. Nf6+
Kf8 34. Nxe8 Kxe8 35. Qf6 Ne7 36. Bf3 Qe3 37. Rc7 a5 38. Rd3 Qe6 39. Qd4 b5 40.
Re3 Rb6 41. Rxe7+ Qxe7 42. Qxb6 Qxe3 43. Qxe3+ 1-0

[Event "Chigorin Memorial 2008"]
[Site "St. Petersburg RUS"]
[Date "2008.10.07"]
[Round "5.48"]
[White "Sokolova, Vera"]
[Black "Vunder, Andrey"]
[Result "0-1"]
[WhiteElo "2105"]
[BlackElo "2261"]
[PlyCount "58"]
[EventDate "2008.10.03"]
[EventType "swiss"]
[EventRounds "9"]
[EventCountry "RUS"]
[Source "lmi"]
[SourceDate "2008.10.03"]

1. e4 e6 2. d4 d5 3. e5 c5 4. c3 Qb6 5. Nf3 Nc6 6. a3 Nh6 7. b4 cxd4 8. cxd4
Nf5 9. Bb2 Bd7 10. Be2 Be7 11. O-O O-O 12. Qd3 f6 13. Nbd2 fxe5 14. Nxe5 Nxe5
15. dxe5 a6 16. Qh3 Rac8 17. Bd3 Bb5 18. Nb3 Bxd3 19. Qxd3 Rc4 20. Nd2 Rc7 21.
Rac1 Rfc8 22. Nb3 Rc4 23. h3 Bg5 24. Rc3 Qb5 25. Nc5 Rxc3 26. Qxb5 axb5 27.
Bxc3 Be7 28. g4 Nh4 29. Kh2 b6 0-1

[Event "Chigorin Memorial 2008"]
[Site "St. Petersburg RUS"]
[Date "2008.10.07"]
[Round "5.49"]
[White "Zakharov, Yuri"]
[Black "Ivkina, Olga"]
[Result "0-1"]
[WhiteElo "2056"]
[BlackElo "2229"]
[PlyCount "40"]
[EventDate "2008.10.03"]
[EventType "swiss"]
[EventRounds "9"]
[EventCountry "RUS"]
[Source "lmi"]
[SourceDate "2008.10.03"]

1. Nf3 Nf6 2. g3 g6 3. Bg2 Bg7 4. d4 d6 5. O-O O-O 6. c3 Nbd7 7. Bg5 h6 8. Bf4
c6 9. Qb3 Qc7 10. a4 e5 11. dxe5 dxe5 12. Be3 Ng4 13. Bc1 a5 14. h3 Ngf6 15.
Na3 Nc5 16. Qd1 Be6 17. Be3 Rfd8 18. Nd2 Nb3 19. Rb1 Rxd2 20. Bxd2 Rd8 0-1

[Event "Chigorin Memorial 2008"]
[Site "St. Petersburg RUS"]
[Date "2008.10.07"]
[Round "5.50"]
[White "Kopasov, Evgeny"]
[Black "Pakhomov, Egor"]
[Result "1/2-1/2"]
[WhiteElo "2046"]
[BlackElo "2220"]
[PlyCount "136"]
[EventDate "2008.10.03"]
[EventType "swiss"]
[EventRounds "9"]
[EventCountry "RUS"]
[Source "lmi"]
[SourceDate "2008.10.03"]

1. d4 Nf6 2. c4 d6 3. Nc3 g6 4. e4 Bg7 5. f3 O-O 6. Be3 c5 7. dxc5 dxc5 8. Qxd8
Rxd8 9. Bxc5 Nc6 10. Nge2 Nd7 11. Bf2 Nb6 12. Nf4 Na5 13. Nfd5 Naxc4 14. Bxc4
Nxc4 15. O-O-O Be6 16. Nc7 Rac8 17. Nxe6 fxe6 18. Rxd8+ Rxd8 19. Rd1 Rc8 20.
Bd4 Bh6+ 21. Kb1 a6 22. Rd3 b5 23. b3 Na3+ 24. Kb2 b4 25. Be5 bxc3+ 26. Rxc3
Rxc3 27. Kxc3 Nb5+ 28. Kb4 Bd2+ 29. Kc5 Nc3 30. a4 Na2 31. Bc7 Kf7 32. Kb6 Nb4
33. Kc5 Ke8 34. Ba5 Nd3+ 35. Kb6 Be3+ 36. Kxa6 Nc5+ 37. Kb5 Nxb3 38. Bb6 Nd4+
39. Ka6 Nc2 40. a5 Bd2 41. Kb7 Bxa5 42. Bxa5 Ne3 43. Kc6 Nxg2 44. Kc5 Nh4 45.
f4 Nf3 46. Bc7 Kd7 47. Bb8 Kc8 48. Bd6 Kd7 49. Bb8 h5 50. h3 Ng1 51. Kd4 h4 52.
Ke3 Nxh3 53. Kf3 Ng1+ 54. Kf2 g5 55. Kxg1 g4 56. Ba7 e5 57. f5 e6 58. f6 Ke8
59. Be3 Kf7 60. Bg5 h3 61. Kh2 Kg6 62. Kg3 Kf7 63. Kh2 Kg6 64. Kg3 Kf7 65. Bh4
Kg6 66. Kh2 Kf7 67. Kg3 Kg6 68. Kf2 Kf7 1/2-1/2

[Event "Chigorin Memorial 2008"]
[Site "St. Petersburg RUS"]
[Date "2008.10.07"]
[Round "5.52"]
[White "Timofeev, Andrei"]
[Black "Zykova, Antonina"]
[Result "1/2-1/2"]
[WhiteElo "2205"]
[BlackElo "2092"]
[PlyCount "132"]
[EventDate "2008.10.03"]
[EventType "swiss"]
[EventRounds "9"]
[EventCountry "RUS"]
[Source "lmi"]
[SourceDate "2008.10.03"]

1. c4 e5 2. Nc3 Nc6 3. g3 g6 4. Bg2 Bg7 5. e3 d6 6. Nge2 Nf6 7. Rb1 a5 8. a3
Be6 9. d3 Qd7 10. h3 O-O 11. Nd5 Nd8 12. Nxf6+ Bxf6 13. Nc3 Bg7 14. Nd5 f5 15.
O-O Qf7 16. f4 c6 17. Nc3 e4 18. dxe4 Bxc4 19. Rf2 Ne6 20. b3 Ba6 21. Bb2 fxe4
22. Nxe4 d5 23. Nd2 Bxb2 24. Rxb2 Nc5 25. Bf1 Qe6 26. Bxa6 Rxa6 27. Nf1 Qxh3
28. g4 Qh6 29. Ng3 Qg7 30. Qc2 Qe7 31. Re2 Raa8 32. b4 axb4 33. axb4 Nd7 34. g5
Nb6 35. Qc5 Qc7 36. Rbc2 Nc4 37. Nf1 Ra1 38. Kg2 Qd7 39. Nh2 Re8 40. Rxc4 dxc4
41. Qxc4+ Qe6 42. Qxe6+ Rxe6 43. b5 c5 44. Ng4 Rb1 45. Rd2 Kf7 46. Nh6+ Ke8 47.
Kf3 Rf1+ 48. Kg2 Rb1 49. Kf3 Rb3 50. Ng4 Rxb5 51. Nf6+ Kf7 52. Rh2 h5 53. gxh6
Kxf6 54. h7 Re8 55. h8=Q+ Rxh8 56. Rxh8 Rb1 57. Rc8 b6 58. e4 Rf1+ 59. Kg4 Rg1+
60. Kf3 Rf1+ 61. Kg4 Rb1 62. Rc6+ Kf7 63. e5 Rb2 64. Kh4 Rb1 65. Kg3 Rb3+ 66.
Kg4 Rb1 1/2-1/2

[Event "Chigorin Memorial 2008"]
[Site "St. Petersburg RUS"]
[Date "2008.10.07"]
[Round "5.54"]
[White "Kluchik, Julia"]
[Black "Minina, Veronika"]
[Result "1/2-1/2"]
[WhiteElo "1951"]
[BlackElo "2153"]
[PlyCount "49"]
[EventDate "2008.10.03"]
[EventType "swiss"]
[EventRounds "9"]
[EventCountry "RUS"]
[Source "lmi"]
[SourceDate "2008.10.03"]

1. d4 Nf6 2. c4 g6 3. Nc3 Bg7 4. e4 d6 5. f4 O-O 6. Nf3 Na6 7. Bd3 e5 8. fxe5
dxe5 9. d5 c5 10. O-O Ne8 11. Qe1 Nd6 12. a3 Bd7 13. Qg3 Qe8 14. Nh4 Kh8 15.
Nb5 Nxb5 16. cxb5 Bxb5 17. Bxb5 Qxb5 18. Bg5 Qxb2 19. Qf3 f6 20. Rab1 Qc2 21.
Qh3 Kg8 22. Qe6+ Kh8 23. Qh3 Kg8 24. Qe6+ Kh8 25. Qh3 1/2-1/2

[Event "Chigorin Memorial 2008"]
[Site "St. Petersburg RUS"]
[Date "2008.10.07"]
[Round "5.55"]
[White "Karataev, Oleg"]
[Black "Shlakich, Anna"]
[Result "0-1"]
[WhiteElo "1965"]
[BlackElo "2203"]
[PlyCount "80"]
[EventDate "2008.10.03"]
[EventType "swiss"]
[EventRounds "9"]
[EventCountry "RUS"]
[Source "lmi"]
[SourceDate "2008.10.03"]

1. d4 Nf6 2. Nf3 d6 3. Bf4 c6 4. Nbd2 Bf5 5. c4 Nbd7 6. e3 Qc7 7. c5 e5 8. cxd6
Bxd6 9. dxe5 Nxe5 10. Nxe5 Bxe5 11. Bxe5 Qxe5 12. Nc4 Qe6 13. Nd6+ Ke7 14.
Nxf5+ Qxf5 15. Bd3 Qa5+ 16. Qd2 Qb6 17. O-O Rhd8 18. Qe2 Kf8 19. Rfd1 g6 20.
Bc4 Kg7 21. b3 Qb4 22. a3 Qe7 23. a4 Qe5 24. Rac1 Ne4 25. Qc2 Rac8 26. Bd3 Nf6
27. e4 Rd4 28. f3 Rcd8 29. g3 Qg5 30. f4 Qa5 31. Kg2 Nxe4 32. Kf1 Nf6 33. Qe2
Qd5 34. Bc2 Qh1+ 35. Kf2 Qxh2+ 36. Kf3 Qh5+ 37. Kf2 Ng4+ 38. Kg1 Qh3 39. Qf3
Qh2+ 40. Kf1 Rd2 0-1

[Event "Chigorin Memorial 2008"]
[Site "St. Petersburg RUS"]
[Date "2008.10.07"]
[Round "5.56"]
[White "Palchun, Grigory"]
[Black "Kozlov, Mikhail"]
[Result "1/2-1/2"]
[WhiteElo "2129"]
[BlackElo "2025"]
[PlyCount "62"]
[EventDate "2008.10.03"]
[EventType "swiss"]
[EventRounds "9"]
[EventCountry "RUS"]
[Source "lmi"]
[SourceDate "2008.10.03"]

1. d4 c5 2. d5 e5 3. Nc3 d6 4. e4 a6 5. a4 Be7 6. Nf3 Bg4 7. Be2 Bxf3 8. Bxf3
Bg5 9. Bxg5 Qxg5 10. a5 Nd7 11. O-O h5 12. Nb1 Ne7 13. Nd2 Ng6 14. Nc4 Ke7 15.
Ne3 Nh4 16. Be2 f5 17. Nxf5+ Nxf5 18. exf5 Qxf5 19. Bd3 Qf6 20. Qe2 g5 21. Rab1
Qf4 22. g3 Qg4 23. f3 Qd4+ 24. Kg2 Nf6 25. c4 h4 26. Be4 hxg3 27. hxg3 Nxe4 28.
fxe4 Raf8 29. Rxf8 Rxf8 30. Rd1 Rf2+ 31. Qxf2 Qxd1 1/2-1/2

[Event "Chigorin Memorial 2008"]
[Site "St. Petersburg RUS"]
[Date "2008.10.07"]
[Round "5.57"]
[White "Bagrunov, Vladimir"]
[Black "Kushka, Alena"]
[Result "0-1"]
[WhiteElo "2020"]
[BlackElo "2123"]
[PlyCount "50"]
[EventDate "2008.10.03"]
[EventType "swiss"]
[EventRounds "9"]
[EventCountry "RUS"]
[Source "lmi"]
[SourceDate "2008.10.03"]

1. e4 c5 2. f4 g6 3. Nf3 Nc6 4. Bc4 Bg7 5. O-O d6 6. c3 e6 7. Kh1 Nge7 8. Bb3
O-O 9. d4 b6 10. Be3 Ba6 11. Rf2 cxd4 12. Nxd4 Na5 13. Rd2 Nxb3 14. axb3 Bb7
15. Nb5 d5 16. Rxa7 Rxa7 17. Nxa7 Qb8 18. Nb5 Ba6 19. N5a3 dxe4 20. c4 Nf5 21.
Bg1 Qxf4 22. Nc3 e3 23. Rd7 Bxc3 24. bxc3 Qh4 25. g3 Qe4+ 0-1

[Event "Chigorin Memorial 2008"]
[Site "St. Petersburg RUS"]
[Date "2008.10.07"]
[Round "5.58"]
[White "Frakin, Nikolay"]
[Black "Senkevich, Konstantin"]
[Result "0-1"]
[WhiteElo "1953"]
[BlackElo "2118"]
[PlyCount "136"]
[EventDate "2008.10.03"]
[EventType "swiss"]
[EventRounds "9"]
[EventCountry "RUS"]
[Source "lmi"]
[SourceDate "2008.10.03"]

1. e4 c5 2. f4 Nc6 3. Nc3 e6 4. Nf3 d5 5. d3 g6 6. g3 Bg7 7. Bg2 Nge7 8. Rb1
O-O 9. O-O Rb8 10. e5 b5 11. d4 Qa5 12. dxc5 b4 13. Ne2 Qxc5+ 14. Rf2 Qa5 15.
Ra1 Ba6 16. Bd2 Qb6 17. c3 Rfc8 18. Ned4 Bf8 19. Qe1 Bc4 20. Be3 Qa6 21. b3 Bd3
22. cxb4 Nxb4 23. a3 Nc2 24. Nxc2 Bxc2 25. b4 Nf5 26. Bd2 Bd3 27. g4 Ne7 28.
Be3 Nc6 29. Bf1 Be7 30. Rb2 Na5 31. Rg2 Bxf1 32. Qxf1 Nc4 33. Rga2 Qa4 34. Bf2
a5 35. Be1 axb4 36. axb4 Qb3 37. Qe2 Bxb4 38. Bf2 Bc5 39. Nd4 Qh3 40. Rd1 Bxd4
41. Bxd4 Rb3 42. Rf1 Ne3 43. Bxe3 Qxe3+ 44. Qxe3 Rxe3 45. Rd2 Rc4 46. Kg2 g5
47. Rdf2 Rxf4 48. Rxf4 gxf4 49. Rxf4 Rxe5 50. Kf3 Re4 51. Rxe4 dxe4+ 52. Kxe4
f6 53. Kf4 h6 54. h4 Kf7 55. h5 Ke7 56. Ke4 Kd6 57. Kd4 Kc6 58. Kc4 e5 59. Kd3
Kd5 60. Ke3 e4 61. Kf4 Kd4 62. Kf5 e3 63. Kxf6 e2 64. Kg6 e1=Q 65. Kxh6 Qe6+
66. Kg5 Ke5 67. h6 Qf6+ 68. Kh5 Kf4 0-1

[Event "Chigorin Memorial 2008"]
[Site "St. Petersburg RUS"]
[Date "2008.10.07"]
[Round "5.59"]
[White "Skrjabin, Igor"]
[Black "Balaian, Alina"]
[Result "0-1"]
[WhiteElo "2110"]
[BlackElo "1934"]
[PlyCount "68"]
[EventDate "2008.10.03"]
[EventType "swiss"]
[EventRounds "9"]
[EventCountry "RUS"]
[Source "lmi"]
[SourceDate "2008.10.03"]

1. e4 e6 2. d4 d5 3. e5 c5 4. c3 Nc6 5. Nf3 Nh6 6. a3 cxd4 7. cxd4 Nf5 8. g4
Nh4 9. Be3 Nxf3+ 10. Qxf3 Qb6 11. b4 a5 12. b5 Nxd4 13. Qd1 Bc5 14. Nc3 a4 15.
Qd3 Nf3+ 16. Kd1 Nxe5 17. Qe2 d4 18. Bf4 Ng6 19. Nd5 Nxf4 20. Nxf4 Qd6 21. Qf3
e5 22. Nh5 Qg6 23. Rg1 e4 24. Qg3 Bd6 25. f4 f5 26. h3 Be6 27. Rc1 Bb3+ 28. Ke1
d3 29. Qe3 Bxa3 30. Rc7 Qd6 31. b6 d2+ 32. Qxd2 Bb4 33. Rc3 Qxd2+ 34. Kxd2 Rd8+
0-1

[Event "Chigorin Memorial 2008"]
[Site "St. Petersburg RUS"]
[Date "2008.10.07"]
[Round "5.60"]
[White "Stroganov, Anatoly"]
[Black "Vrublevskaya, Olga"]
[Result "0-1"]
[WhiteElo "1953"]
[BlackElo "2106"]
[PlyCount "140"]
[EventDate "2008.10.03"]
[EventType "swiss"]
[EventRounds "9"]
[EventCountry "RUS"]
[Source "lmi"]
[SourceDate "2008.10.03"]

1. Nf3 d6 2. d4 Nd7 3. g3 e5 4. dxe5 dxe5 5. Bg2 Ngf6 6. O-O c6 7. b3 Qc7 8.
Bb2 Bc5 9. c4 O-O 10. Qc2 Re8 11. a3 a5 12. Nc3 Bf8 13. Rac1 Nb6 14. Ne4 Nxe4
15. Qxe4 f6 16. Rfd1 Be6 17. Nh4 Nd7 18. Qc2 Nc5 19. Rb1 Qf7 20. e4 b5 21. Bf1
bxc4 22. bxc4 Rab8 23. Bc3 Qe7 24. Bd2 Red8 25. Rxb8 Rxb8 26. Rb1 Rxb1 27. Qxb1
Qb7 28. Qxb7 Nxb7 29. a4 Bc5 30. Kg2 Bb6 31. Bd3 Nc5 32. Bc2 g6 33. f4 exf4 34.
gxf4 Bxc4 35. Nf3 Bb3 36. Bxb3+ Nxb3 37. Bc3 Nc5 38. Nd2 Kf7 39. Nc4 Nxa4 40.
Bxa5 Bxa5 41. Nxa5 c5 42. Kf3 Ke6 43. Nc4 Nc3 44. Ke3 Nb5 45. Nb6 Kd6 46. Kd3
Nc7 47. e5+ fxe5 48. Nc4+ Kd5 49. Nxe5 Ne6 50. Ke3 g5 51. Nd7 gxf4+ 52. Kf3 Kd4
53. Nf6 Ke5 54. Ng4+ Kf5 55. Nh6+ Kg6 56. Ng4 h5 57. Ne5+ Kf5 58. Nc4 Nd4+ 59.
Kf2 Ke4 60. h4 Nf5 61. Nd2+ Kd3 62. Nf3 Nd4 63. Ne5+ Ke4 64. Nd7 c4 65. Nf6+
Kf5 66. Nxh5 Ne6 67. Ke2 Kg6 68. Nxf4+ Nxf4+ 69. Ke3 Nd5+ 70. Kd4 Nb6 0-1

[Event "Chigorin Memorial 2008"]
[Site "St. Petersburg RUS"]
[Date "2008.10.07"]
[Round "5.61"]
[White "Androsov, Sergey"]
[Black "Emdin, Mark"]
[Result "1/2-1/2"]
[WhiteElo "2078"]
[BlackElo "1862"]
[PlyCount "82"]
[EventDate "2008.10.03"]
[EventType "swiss"]
[EventRounds "9"]
[EventCountry "RUS"]
[Source "lmi"]
[SourceDate "2008.10.03"]

1. e4 e6 2. d4 d5 3. Nc3 Nf6 4. Bg5 Be7 5. e5 Nfd7 6. h4 Nc6 7. Nh3 a6 8. g3
Nb6 9. Bg2 f6 10. exf6 Bxf6 11. Ne2 e5 12. dxe5 Nxe5 13. Bxf6 Qxf6 14. Nhf4 Bg4
15. Qd4 O-O-O 16. O-O-O Rhe8 17. Bh3 Kb8 18. Bxg4 Nxg4 19. Nc3 Qxd4 20. Rxd4
Nxf2 21. Rf1 Ne4 22. Nxe4 Rxe4 23. Rxe4 dxe4 24. Ne6 Rd7 25. Re1 Re7 26. Rxe4
Nd5 27. Kd2 Nf6 28. Re2 Kc8 29. Nc5 Rxe2+ 30. Kxe2 b6 31. Ne6 g6 32. Kf3 Kd7
33. Nf4 c6 34. g4 Kd6 35. Nd3 h6 36. g5 hxg5 37. hxg5 Nd7 38. Ke4 Nc5+ 39. Nxc5
bxc5 40. c3 a5 41. a4 Ke6 1/2-1/2

[Event "Chigorin Memorial 2008"]
[Site "St. Petersburg RUS"]
[Date "2008.10.07"]
[Round "5.62"]
[White "Grechishkin, Vitaly"]
[Black "Atlas, Eduard"]
[Result "1-0"]
[WhiteElo "1861"]
[BlackElo "2067"]
[PlyCount "100"]
[EventDate "2008.10.03"]
[EventType "swiss"]
[EventRounds "9"]
[EventCountry "RUS"]
[Source "lmi"]
[SourceDate "2008.10.03"]

1. Nf3 d5 2. d4 Nf6 3. h3 c5 4. Bf4 Nc6 5. c3 e6 6. e3 Be7 7. Nbd2 O-O 8. Bd3
h6 9. g4 Bd6 10. Ne5 Bxe5 11. dxe5 Nh7 12. Qc2 f5 13. h4 c4 14. Be2 fxg4 15.
Bxg4 Ne7 16. O-O-O Qe8 17. Rdg1 Kh8 18. Qd1 Rg8 19. Bh5 g6 20. Bf3 h5 21. Bg5
Qf7 22. Rg2 Bd7 23. Rhg1 Nxg5 24. Rxg5 Be8 25. Qe2 Qh7 26. e4 d4 27. cxd4 Nc6
28. Bxh5 Bf7 29. Qf3 Nxd4 30. Qf6+ Qg7 31. Bd1 Qxf6 32. exf6 Rac8 33. Nf3 Nxf3
34. Bxf3 e5 35. h5 gxh5 36. Bxh5 Rxg5 37. Rxg5 Rf8 38. Rxe5 Bxh5 39. Rxh5+ Kg8
40. e5 Kf7 41. Rh7+ Ke6 42. f4 Kf5 43. f7 b5 44. Rg7 b4 45. Kd2 a5 46. Ke3 b3
47. axb3 cxb3 48. Rg5+ Ke6 49. Rg6+ Kd5 50. e6 Kd6 1-0

[Event "Chigorin Memorial 2008"]
[Site "St. Petersburg RUS"]
[Date "2008.10.07"]
[Round "5.66"]
[White "Kuzevanova, Evgenia"]
[Black "Platonova, Lubov"]
[Result "1-0"]
[WhiteElo "2179"]
[BlackElo "1919"]
[PlyCount "103"]
[EventDate "2008.10.03"]
[EventType "swiss"]
[EventRounds "9"]
[EventCountry "RUS"]
[Source "lmi"]
[SourceDate "2008.10.03"]

1. e4 c5 2. Nf3 d6 3. d4 cxd4 4. Qxd4 Nc6 5. Bb5 Bd7 6. Bxc6 bxc6 7. c4 Qb6 8.
Qd3 g6 9. O-O Bg7 10. Nc3 Nh6 11. Rb1 O-O 12. b4 Ng4 13. h3 Ne5 14. Nxe5 Bxe5
15. Be3 Qc7 16. f4 Bg7 17. f5 Rab8 18. c5 d5 19. fxg6 fxg6 20. Rxf8+ Rxf8 21.
Rd1 Qe5 22. Ne2 e6 23. Bd4 Qg5 24. Bxg7 Kxg7 25. Nd4 Kg8 26. Nf3 Qg3 27. e5 Bc8
28. a4 a6 29. Rf1 Qf4 30. Qd4 Bd7 31. Rd1 Qg3 32. Qd3 Rf4 33. Rb1 Rc4 34. Qd2
Kg7 35. Qf2 Qf4 36. Nd2 Qxf2+ 37. Kxf2 Rc2 38. Ke3 Ra2 39. a5 g5 40. Kd3 Be8
41. Kc3 Bg6 42. Rb2 Ra1 43. Nf3 Rc1+ 44. Kd2 Rc4 45. Nxg5 Bf7 46. Nf3 Kg6 47.
Kd3 Kf5 48. Nd4+ Kxe5 49. Nxc6+ Kf6 50. Rf2+ Kg7 51. Rxf7+ Kxf7 52. Ne5+ 1-0

[Event "Chigorin Memorial 2008"]
[Site "St. Petersburg RUS"]
[Date "2008.10.08"]
[Round "6.1"]
[White "Belov, Vladimir"]
[Black "Amonatov, Farrukh"]
[Result "1/2-1/2"]
[WhiteElo "2579"]
[BlackElo "2634"]
[PlyCount "70"]
[EventDate "2008.10.03"]
[EventType "swiss"]
[EventRounds "9"]
[EventCountry "RUS"]
[Source "lmi"]
[SourceDate "2008.10.03"]

1. e4 c5 2. Nf3 d6 3. c3 Nf6 4. Be2 g6 5. O-O Bg7 6. Bb5+ Nbd7 7. Re1 a6 8. Bf1
Ne5 9. d4 Nxf3+ 10. Qxf3 Nd7 11. Qd3 O-O 12. Nd2 cxd4 13. cxd4 b5 14. Nb3 a5
15. Bg5 Ba6 16. Qd2 a4 17. Na5 Qb6 18. d5 Rfe8 19. Rac1 b4 20. Nc6 Bxf1 21.
Rxf1 Nc5 22. Rc4 b3 23. axb3 Qxb3 24. Rb4 Qd3 25. Qd1 e6 26. Be7 exd5 27. exd5
Bf8 28. Bxf8 Qxd1 29. Rxd1 Kxf8 30. g3 Kg7 31. Rb6 h5 32. h4 Nd7 33. Rb7 Nc5
34. Rb6 Nd7 35. Rb7 Nc5 1/2-1/2

[Event "Chigorin Memorial 2008"]
[Site "St. Petersburg RUS"]
[Date "2008.10.08"]
[Round "6.2"]
[White "Savchenko, Boris"]
[Black "Sjugirov, Sanan"]
[Result "1-0"]
[WhiteElo "2648"]
[BlackElo "2549"]
[PlyCount "83"]
[EventDate "2008.10.03"]
[EventType "swiss"]
[EventRounds "9"]
[EventCountry "RUS"]
[Source "lmi"]
[SourceDate "2008.10.03"]

1. Nf3 Nf6 2. c4 e6 3. Nc3 d5 4. d4 c6 5. Qd3 dxc4 6. Qxc4 b5 7. Qd3 Nbd7 8.
Bg5 Bb7 9. e4 b4 10. Na4 Qa5 11. b3 h6 12. Bxf6 gxf6 13. Rc1 Rd8 14. Be2 Nb6
15. Nxb6 axb6 16. O-O Be7 17. Qe3 Rd7 18. Rc2 Kf8 19. Qf4 Kg7 20. Qg4+ Kf8 21.
Rd1 Rg8 22. Qh3 Kg7 23. d5 Rgd8 24. Qg4+ Kh8 25. Nd4 cxd5 26. Bb5 Rd6 27. Rc7
dxe4 28. Qh5 Rxd4 29. Rxd4 Rxd4 30. Rxe7 Qxb5 31. Qxb5 Rd1+ 32. Qf1 Rxf1+ 33.
Kxf1 Ba6+ 34. Ke1 Kg7 35. Ra7 Bd3 36. Ra4 b5 37. Rxb4 f5 38. a4 bxa4 39. bxa4
Kf6 40. a5 Ke7 41. Rb7+ Kd6 42. Rxf7 1-0

[Event "Chigorin Memorial 2008"]
[Site "St. Petersburg RUS"]
[Date "2008.10.08"]
[Round "6.3"]
[White "Teterev, Vitaly"]
[Black "Aleksandrov, Aleksej"]
[Result "1/2-1/2"]
[WhiteElo "2513"]
[BlackElo "2617"]
[PlyCount "57"]
[EventDate "2008.10.03"]
[EventType "swiss"]
[EventRounds "9"]
[EventCountry "RUS"]
[Source "lmi"]
[SourceDate "2008.10.03"]

1. e4 e5 2. Nf3 Nc6 3. Bb5 a6 4. Bxc6 dxc6 5. O-O f6 6. d4 exd4 7. Nxd4 c5 8.
Nb3 Qxd1 9. Rxd1 Bg4 10. f3 Be6 11. Bf4 c4 12. Nd4 O-O-O 13. Nc3 Bf7 14. Nf5
Rxd1+ 15. Rxd1 g6 16. Nd4 Bc5 17. Be3 h5 18. h4 Ne7 19. Nf5 Bb4 20. Nxe7+ Bxe7
21. Nd5 Bd8 22. Kf2 Re8 23. g3 Re6 24. Bd4 b5 25. Bc5 a5 26. c3 g5 27. Ne3 Bg6
28. hxg5 fxg5 29. g4 1/2-1/2

[Event "Chigorin Memorial 2008"]
[Site "St. Petersburg RUS"]
[Date "2008.10.08"]
[Round "6.5"]
[White "Vorobiov, Evgeny E"]
[Black "Kislinsky, Alexey"]
[Result "1/2-1/2"]
[WhiteElo "2577"]
[BlackElo "2492"]
[PlyCount "25"]
[EventDate "2008.10.03"]
[EventType "swiss"]
[EventRounds "9"]
[EventCountry "RUS"]
[Source "lmi"]
[SourceDate "2008.10.03"]

1. d4 c5 2. d5 d6 3. c4 e5 4. e4 Be7 5. Nf3 Nf6 6. Nc3 Nbd7 7. Be2 h6 8. O-O
Nf8 9. a3 Ng6 10. b4 b6 11. Rb1 O-O 12. Ne1 Nh7 13. bxc5 1/2-1/2

[Event "Chigorin Memorial 2008"]
[Site "St. Petersburg RUS"]
[Date "2008.10.08"]
[Round "6.6"]
[White "Yevseev, Denis"]
[Black "Khuseinkhodzhaev, Muhammad"]
[Result "1/2-1/2"]
[WhiteElo "2534"]
[BlackElo "2375"]
[PlyCount "76"]
[EventDate "2008.10.03"]
[EventType "swiss"]
[EventRounds "9"]
[EventCountry "RUS"]
[Source "lmi"]
[SourceDate "2008.10.03"]

1. Nf3 d5 2. d4 Nf6 3. c4 e6 4. g3 dxc4 5. Bg2 c5 6. O-O Nc6 7. Ne5 Nd5 8. Nxc6
bxc6 9. Na3 Ba6 10. Qa4 Qb6 11. dxc5 Bxc5 12. Nxc4 Qb5 13. Qxb5 Bxb5 14. b3 O-O
15. Bd2 Nb6 16. Na5 Rad8 17. Bf4 Bd4 18. Rac1 e5 19. Be3 Bxe2 20. Rfe1 Bxe3 21.
fxe3 Rd2 22. Nxc6 Rxa2 23. Nxa7 Bd3 24. Nc6 Rb2 25. Rc3 e4 26. Nb4 Rc8 27.
Rxc8+ Nxc8 28. Rd1 Rxb3 29. Bxe4 Rxb4 30. Rxd3 g5 31. Rd8+ Kg7 32. Bxh7 Kxh7
33. Rxc8 Rb2 34. g4 Re2 35. Rc3 Kg6 36. h3 f6 37. Kf1 Rh2 38. e4 Kf7 1/2-1/2

[Event "Chigorin Memorial 2008"]
[Site "St. Petersburg RUS"]
[Date "2008.10.08"]
[Round "6.7"]
[White "Trushelyov, Victor"]
[Black "Vysochin, Spartak"]
[Result "0-1"]
[WhiteElo "2340"]
[BlackElo "2520"]
[PlyCount "66"]
[EventDate "2008.10.03"]
[EventType "swiss"]
[EventRounds "9"]
[EventCountry "RUS"]
[Source "lmi"]
[SourceDate "2008.10.03"]

1. e4 e6 2. d3 d5 3. Nd2 c5 4. Ngf3 Nc6 5. g3 Bd6 6. Bg2 Nge7 7. O-O O-O 8. Re1
Bc7 9. Qe2 a5 10. a4 b6 11. Nf1 Ba6 12. exd5 exd5 13. Ne3 Qd7 14. Qf1 Rae8 15.
Nh4 Nb4 16. Bd2 Be5 17. Bc3 Nec6 18. Bxe5 Nxe5 19. Rec1 f5 20. Qd1 f4 21. Nf1
Qf7 22. Qd2 g5 23. gxf4 Qxf4 24. d4 cxd4 25. c3 dxc3 26. bxc3 Nbd3 27. Bxd5+
Kh8 28. Ng2 Qxd2 29. Nxd2 Nxc1 30. Rxc1 Nd3 31. Rb1 Rxf2 32. Nf1 Rb2 33. Ra1
Nf4 0-1